Rock Album Covers A-Z #2 - Statistics

General Stats
  • This quiz has been taken 305 times
    88 since last reset
  • The average score is 12 of 26
Answer Stats
Picture Hint Answer % Correct
A Abbey Road
94%
H Hotel California
85%
I In Utero
80%
R Rumours
76%
Y Yellow Submarine
71%
L Led Zeppelin IV
67%
W Wish You Were Here
66%
B Blood Sugar Sex Magik
59%
P Physical Graffiti
50%
D Definitely Maybe
49%
M Mellon Collie and the Infinite Sadness
49%
S Songs in the Key of Life
49%
E Electric Ladyland
46%
G Graceland
39%
J Jagged Little Pill
38%
N News of the World
35%
U Unknown Pleasures
32%
T Tubular Bells
27%
V Vs.
26%
F Fragile
24%
Q Quadrophenia
23%
X X
17%
Z Zenyatta Mondatta
17%
C Crime of the Century
16%
O Out of the Blue
13%
K Kings of the Wild Frontier
5%
No matching quizzes found
Score Distribution
Percent of People with Each Score
Percentile by Number Answered
Your Score History
You have not taken this quiz since the last reset